书目信息 |
| 题名: |
诗性智慧
|
|
| 作者: | 王充闾 著 | |
| 分册: | ||
| 出版信息: | 沈阳 万卷出版公司 2016 |
|
| 页数: | 310页 | |
| 开本: | 24cm | |
| 丛书名: | ||
| 单 册: | ||
| 中图分类: | I207.227.2 | |
| 科图分类: | ||
| 主题词: | 古典诗歌--gu dian shi ge--诗歌欣赏--中国--古代 | |
| 电子资源: | ||
| ISBN: | 978-7-5470-3555-9 | |
| 000 | 00869nam0 22002531 450 | |
| 001 | 1731257213 | |
| 005 | 20170602161233.0 | |
| 010 | @a978-7-5470-3555-9@dCNY42.00 | |
| 100 | @a20160621d2016 em y0chiy50 ea | |
| 101 | 0 | @achi |
| 102 | @aCN@b210000 | |
| 105 | @aa z 000gy | |
| 106 | @ar | |
| 200 | 1 | @a诗性智慧@Ashi xing zhi hui@e古代哲理诗选释@f王充闾著 |
| 210 | @a沈阳@c万卷出版公司@d2016 | |
| 215 | @a310页@c彩照@d24cm | |
| 300 | @a充闾文集14 | |
| 330 | @a本书选取了唐五代、宋代、金元明代、清代的五绝、七绝,共三百余首。书中对生僻的字词进行了注释,并就全诗的理解进行简要的提示。 | |
| 517 | 1 | @a古代哲理诗选释@Agu dai zhe li shi xuan shi |
| 606 | 0 | @a古典诗歌@Agu dian shi ge@x诗歌欣赏@y中国@z古代 |
| 690 | @aI207.227.2@v5 | |
| 701 | 0 | @a王充闾@Awang chong lu@f(1935~)@4著 |
| 801 | 0 | @aCN@bTANG WEI@c20170527 |
| 905 | @b0971073-7@dI207.227.2@e1021@f5 | |
| 诗性智慧:古代哲理诗选释/王充闾著.-沈阳:万卷出版公司,2016 |
| 310页:彩照;24cm |
| 充闾文集14 |
| ISBN 978-7-5470-3555-9:CNY42.00 |
| 本书选取了唐五代、宋代、金元明代、清代的五绝、七绝,共三百余首。书中对生僻的字词进行了注释,并就全诗的理解进行简要的提示。 |
| ● |
| 相关链接 |
|
|
|
|
正题名:诗性智慧
索取号:I207.227.2/1021
 
预约/预借
| 序号 | 登录号 | 条形码 | 馆藏地/架位号 | 状态 | 备注 |
| 1 | 0971073 | 209710730 | 第一样本阅览室/ [索取号:I207.227.2/1021] | 在馆 | |
| 2 | 0971074 | 209710749 | 第二借阅区/ [索取号:I207.227.2/1021] | 在馆 | |
| 3 | 0971075 | 209710758 | 第二借阅区/ [索取号:I207.227.2/1021] | 在馆 | |
| 4 | 0971076 | 209710767 | 第二借阅区/ [索取号:I207.227.2/1021] | 在馆 | |
| 5 | 0971077 | 209710776 | 第二借阅区/ [索取号:I207.227.2/1021] | 在馆 |